<?xml version="1.0" encoding="UTF-8"?>
<resp>
  <nextPage>https://data.bn.org.pl/api/networks/bibs.marcxml?marc=001+b00001150000496&amp;sinceId=1150000497</nextPage>
  <collection>
    <record xmlns='http://www.loc.gov/MARC21/slim'><leader>01126namZa2200337ZiZ4500</leader><controlfield tag='001'>b00001150000496</controlfield><controlfield tag='005'>20241203214549.6</controlfield><controlfield tag='008'>230609s        pl           |000 0 pol c</controlfield><controlfield tag='009'>9913262254005606</controlfield><datafield ind1=' ' ind2=' ' tag='020'><subfield code='a'>8372454477</subfield></datafield><datafield ind1=' ' ind2=' ' tag='035'><subfield code='a'>KR_1KR_1_20120317230159041533-48omnis_kr</subfield></datafield><datafield ind1=' ' ind2=' ' tag='035'><subfield code='a'>KR_1_20120317230159041533</subfield><subfield code='9'>ExL</subfield></datafield><datafield ind1=' ' ind2=' ' tag='035'><subfield code='a'>(PL)b00001150000496</subfield></datafield><datafield ind1=' ' ind2=' ' tag='040'><subfield code='a'>KR_1</subfield><subfield code='c'>KR_1</subfield></datafield><datafield ind1='1' ind2=' ' tag='041'><subfield code='a'>pol</subfield><subfield code='h'>eng</subfield></datafield><datafield ind1='1' ind2=' ' tag='100'><subfield code='a'>Shoshanna, Brenda</subfield></datafield><datafield ind1='1' ind2='0' tag='245'><subfield code='a'>Dlaczego mężczyźni odchodzą? /</subfield><subfield code='c'>Brenda Shoshanna ; przekł. Lidia Rafa.</subfield></datafield><datafield ind1=' ' ind2=' ' tag='260'><subfield code='a'>W-wa :</subfield><subfield code='b'>&quot;Amber&quot;,</subfield><subfield code='c'>2000.</subfield></datafield><datafield ind1=' ' ind2=' ' tag='300'><subfield code='a'>287 s. ;</subfield><subfield code='c'>21 cm.</subfield></datafield><datafield ind1='1' ind2=' ' tag='490'><subfield code='a'>Uczucia</subfield></datafield><datafield ind1=' ' ind2=' ' tag='500'><subfield code='a'>n</subfield></datafield><datafield ind1=' ' ind2=' ' tag='502'><subfield code='a'>Na okł. nadtyt.: wyznania mężczyzn, dlaczego opuszczają kobiety i co mogło ich przed tym powstrzymać.</subfield></datafield><datafield ind1=' ' ind2='9' tag='650'><subfield code='a'>Mężczyzna</subfield><subfield code='x'>psychologia</subfield><subfield code='v'>wydawnictwa popularne</subfield></datafield><datafield ind1=' ' ind2='9' tag='650'><subfield code='a'>Stosunki interpersonalne</subfield><subfield code='v'>wydawnictwa popularne</subfield></datafield><datafield ind1='1' ind2=' ' tag='700'><subfield code='a'>Rafa, Lidia</subfield><subfield code='e'>Tł.</subfield></datafield><datafield ind1=' ' ind2=' ' tag='852'><subfield code='b'>48OMNIS_NETWORK</subfield><subfield code='8'>9913262254005606</subfield></datafield><datafield ind1=' ' ind2=' ' tag='852'><subfield code='b'>48OMNIS_KR</subfield><subfield code='8'>991000004969708216</subfield></datafield><datafield ind1=' ' ind2=' ' tag='920'><subfield code='a'>83-7245-447-7</subfield></datafield></record>
  </collection>
</resp>
